DEGENERATION AND REGENERATION OF THE NERVOUS SYSTEM (Record no. 38826)
[ view plain ]
| 000 -LEADER | |
|---|---|
| fixed length control field | 00268nam a22001097a 4500 |
| 008 - FIXED-LENGTH DATA ELEMENTS--GENERAL INFORMATION | |
| fixed length control field | 171207b xxu||||| |||| 00| 0 eng d |
| 041 ## - LANGUAGE CODE | |
| Language code of text/sound track or separate title | eng |
| 080 ## - UNIVERSAL DECIMAL CLASSIFICATION NUMBER | |
| Universal Decimal Classification number | 616.8 |
| 100 ## - Rafti | |
| Rafti | 26 |
| 101 ## - Shkurtesa | |
| Shkurtesa | NEU |
| 245 ## - TITLE STATEMENT | |
| Title | DEGENERATION AND REGENERATION OF THE NERVOUS SYSTEM |
| Statement of responsibility, etc | CAJAL,R.Y |
No items available.